书目信息 |
| 题名: |
思想的踪迹
|
|
| 作者: | 张颐武 著 | |
| 分册: | ||
| 出版信息: | 北京 北京大学出版社 2002 |
|
| 页数: | 313页 | |
| 开本: | 21cm | |
| 丛书名: | ||
| 单 册: | ||
| 中图分类: | G04-53 , G04 | |
| 科图分类: | ||
| 主题词: | 比较文化--文集 | |
| 电子资源: | ||
| ISBN: | 7-301-05383-5 | |
| 000 | 00804n|m0 2200241 450 | |
| 001 | 1543165791 | |
| 005 | 20150126115957.17 | |
| 010 | @a7-301-05383-5@dCNY15.00 | |
| 100 | @a20020302d2002 em y0chiy0110 ea | |
| 101 | 0 | @achi |
| 102 | @aCN@b110000 | |
| 105 | @ay z 000yy | |
| 200 | 1 | @a思想的踪迹@9si xiang de zong ji@e一个批评者的跨文化观察@f张颐武著 |
| 210 | @a北京@c北京大学出版社@d2002 | |
| 215 | @a313页@d21cm | |
| 330 | @a本书收录了作者的《不见不散》、《中秋月明》、《隔世之感》、《跨界之难》、《有话就说》、《边缘的意义》等七十余篇文章。 | |
| 517 | 1 | @a一个批评者的跨文化观察@9yi ge pi ping zhe de kua wen hua guan cha |
| 606 | 0 | @a比较文化@j文集 |
| 690 | @aG04-53@v5 | |
| 690 | @aG04@v4 | |
| 701 | 0 | @a张颐武@9zhang yi wu@4著 |
| 801 | 0 | @aCN@bTSSF@c20150126 |
| 905 | @aZUCC@dG04@eJY22 | |
| 思想的踪迹:一个批评者的跨文化观察/张颐武著.-北京:北京大学出版社,2002 |
| 313页;21cm |
| ISBN 7-301-05383-5:CNY15.00 |
| 本书收录了作者的《不见不散》、《中秋月明》、《隔世之感》、《跨界之难》、《有话就说》、《边缘的意义》等七十余篇文章。 |
| ● |
| 相关链接 |
|
|
|
|
正题名:思想的踪迹
索取号:G04/JY22
 
预约/预借
| 序号 | 登录号 | 条形码 | 馆藏地/架位号 | 状态 | 备注 |
| 1 | 7859812 | 278598126 | 学院路分馆/ [索取号:G04/JY22] | 在馆 | |
| 2 | 7859813 | 278598135 | 学院路分馆/ [索取号:G04/JY22] | 在馆 |